[Event "AUTO-MASTER-1434"]
[Site "http://www.queenalice.com/game.php?id=953234"]
[Date "2011.6.23"]
[Round "1"]
[White "churrasca"]
[Black "chess1200"]
[Result "1-0"]
[WhiteElo "2285"]
[BlackElo "1841"]

1. e4 e6 2. d4 d5 3. Nd2 c5 4. Ngf3 Nc6 5. Bb5 Bd7 6. exd5 exd5 7. O-O Bd6 8.
dxc5 Bxc5 9. Nb3 Qb6 10. a4 Nge7 11. Nxc5 Qxc5 12. Re1 O-O 13. b3 a6 14. Ba3 Qb6
15. Bxe7 1-0

[Event "AUTO-MASTER-1434"]
[Site "http://www.queenalice.com/game.php?id=953235"]
[Date "2011.6.23"]
[Round "1"]
[White "chess1200"]
[Black "LOMBARDY"]
[Result "0-1"]
[WhiteElo "2035"]
[BlackElo "2182"]

1. e4 c5 2. Nf3 d6 3. Bc4 e6 4. d4 cxd4 5. Nxd4 a6 6. a4 b6 7. O-O Qc7 8. Qe2
Nc6 9. c3 Nf6 10. f4 Be7 11. Nd2 Nxd4 12. cxd4 Bb7 13. b3 d5 14. exd5 exd5 15.
Bd3 O-O 16. Qf3 Bb4 17. Nb1 Rfe8 18. Ra2 Qd7 19. Ba3 Bxa3 20. Nxa3 Rac8 21. Nb1
Ne4 22. f5 f6 23. Qh5 Qe7 24. Re2 Qb4 25. Rc2 Qxd4+ 26. Kh1 Qxd3 0-1

[Event "AUTO-MASTER-1434"]
[Site "http://www.queenalice.com/game.php?id=953236"]
[Date "2011.6.23"]
[Round "1"]
[White "LOMBARDY"]
[Black "chess1200"]
[Result "1-0"]
[WhiteElo "2170"]
[BlackElo "2023"]

1. e4 e5 2. Nf3 Nc6 3. Bb5 a6 4. Ba4 Nf6 5. O-O d6 6. d3 b5 7. Bb3 Be7 8. c3 Nb8
9. Re1 O-O 10. a4 Bb7 11. axb5 axb5 12. Rxa8 Bxa8 13. Na3 Qd7 14. d4 Nxe4 15.
dxe5 Qg4 16. Nxb5 Bh4 17. g3 Nxg3 18. fxg3 Bxf3 19. Qd4 Qxd4+ 20. Nxd4 dxe5 21.
Nxf3 Bf6 22. Bg5 Nd7 23. Bxf6 gxf6 24. Nh4 Rb8 25. Ba4 Nc5 26. b3 Kg7 27. Nf5+
Kg6 28. Ne7+ Kg5 29. Nd5 Ne6 30. Rf1 f5 31. b4 h5 32. h4+ Kg4 33. Kg2 f4 34.
Bd1+ Kf5 35. Bxh5 Ke4 36. Rd1 fxg3 37. Bxf7 Nf4+ 38. Kxg3 Nxd5 39. Bxd5+ Kf5 40.
Rf1+ 1-0

[Event "AUTO-MASTER-1434"]
[Site "http://www.queenalice.com/game.php?id=953237"]
[Date "2011.6.23"]
[Round "1"]
[White "chess1200"]
[Black "arrabi"]
[Result "0-1"]
[WhiteElo "2019"]
[BlackElo "2027"]

1. e4 c5 2. Nf3 Nc6 3. d4 cxd4 4. Nxd4 d6 5. Nc3 a6 6. Be3 Nf6 7. Bd3 g6 8. Nb3
Bg7 9. Qd2 h5 10. h4 Ng4 11. Bf4 e5 12. Bg3 Bh6 13. f4 Be6 14. Nd5 Bxd5 15. exd5
Ne7 16. O-O-O Nxd5 17. Qe2 Bxf4+ 18. Bxf4 Nxf4 19. Qf3 Qb6 20. Rhe1 O-O 21. Bc4
Qc7 22. Be2 Rac8 23. Rd2 Rfd8 24. Qg3 Nf6 25. Bd3 Ng4 26. Kb1 b5 27. Qf3 d5 28.
Be2 e4 29. Qg3 e3 30. Bxg4 exd2 31. Bxc8 dxe1=Q+ 32. Qxe1 Rxc8 33. Qd2 Qc4 0-1

[Event "AUTO-MASTER-1434"]
[Site "http://www.queenalice.com/game.php?id=953238"]
[Date "2011.6.23"]
[Round "1"]
[White "arrabi"]
[Black "chess1200"]
[Result "1-0"]
[WhiteElo "2028"]
[BlackElo "2029"]

1. e4 e5 2. Bc4 Nc6 3. a4 a5 4. c3 Bc5 5. Nf3 Nf6 6. d3 h6 7. O-O O-O 8. h3 d6
9. Be3 Ba7 10. Na3 Ne7 11. Bxa7 Rxa7 12. Nh4 Be6 13. f4 Bxc4 14. Nxc4 Nc6 15.
Nf5 Kh7 16. fxe5 dxe5 17. Qf3 g6 18. Nxh6 Kxh6 19. Qxf6 Qxd3 20. Nxe5 Nxe5 21.
Rf4 1-0

[Event "AUTO-INT-1925"]
[Site "http://www.queenalice.com/game.php?id=955024"]
[Date "2011.6.29"]
[Round "2"]
[White "chess1200"]
[Black "Morysek"]
[Result "1-0"]
[WhiteElo "2028"]
[BlackElo "2145"]

1. e4 d6 2. Nf3 Nf6 3. c3 Nxe4 4. Qa4+ Bd7 5. Qxe4 Bc6 6. Qe3 Nd7 7. Bc4 e5 8.
Ng5 d5 9. Bb3 Qf6 10. d4 O-O-O 11. O-O exd4 12. cxd4 Bd6 13. Qf3 Qg6 14. Nc3 f6
15. Ne6 Rde8 16. Nf4 Qh6 17. Nh3 Qh4 18. Bf4 g5 19. Bg3 Qxd4 20. Bxd6 cxd6 21.
Rfd1 Qb4 22. Qg3 d4 23. Qg4 1-0

[Event "AUTO-INT-1925"]
[Site "http://www.queenalice.com/game.php?id=955025"]
[Date "2011.6.29"]
[Round "2"]
[White "Morysek"]
[Black "chess1200"]
[Result "1-0"]
[WhiteElo "2124"]
[BlackElo "1928"]

1. f4 Nf6 2. Nf3 g6 3. e3 Bg7 4. Nc3 d6 5. b3 Bg4 6. Bb2 Nbd7 7. Be2 e6 8. O-O
Nc5 9. Ng5 h5 10. h3 Bxe2 11. Qxe2 Qd7 12. a4 Nh7 13. Nxh7 Rxh7 14. Rab1 Qc6 15.
b4 Nxa4 16. Nxa4 Qxa4 17. Bxg7 Rxg7 18. c3 Kd7 19. Qc4 Qc6 20. Qd4 Rgg8 21. c4
Rae8 22. Qxa7 f5 23. b5 Qb6 24. Ra1 1-0

[Event "AUTO-INT-1925"]
[Site "http://www.queenalice.com/game.php?id=955026"]
[Date "2011.6.29"]
[Round "2"]
[White "chess1200"]
[Black "louni"]
[Result "1-0"]
[WhiteElo "2020"]
[BlackElo "1704"]

1. e4 e5 2. Nf3 Nc6 3. Bb5 a6 4. Ba4 Nf6 5. O-O Nxe4 6. d4 b5 7. Bb3 Bd6 8. Qe2
f5 9. Bd5 Qf6 10. Nxe5 Nxd4 11. Qh5+ g6 12. Qh3 Ne2+ 13. Kh1 Rb8 14. Nf3 Nf4 15.
Bxf4 Bxf4 16. Nc3 Nd2 17. Rad1 Nxf1 18. Rxf1 c6 19. Re1+ Kf8 20. Bb3 b4 21. Ne2
Be5 22. c3 g5 23. Nxe5 Qxe5 24. Qh5 bxc3 25. Qf7# 1-0

[Event "AUTO-INT-1925"]
[Site "http://www.queenalice.com/game.php?id=955027"]
[Date "2011.6.29"]
[Round "2"]
[White "louni"]
[Black "chess1200"]
[Result "1-0"]
[WhiteElo "1694"]
[BlackElo "1893"]

1. e4 c5 2. Nf3 e6 3. d4 cxd4 4. Nxd4 Nf6 5. Nc3 a6 6. Bg5 Be7 7. Bd3 d6 8. O-O
O-O 9. Qe2 Nbd7 10. b4 Qc7 11. Qd2 d5 12. exd5 exd5 13. a3 Bd6 14. Rfe1 Bxh2+
15. Kh1 b6 16. g3 Bxg3 17. fxg3 Qxg3 18. Bf1 Ng4 19. Re2 Nde5 20. Bf4 Qh4+ 21.
Kg1 Nc4 22. Qd3 Be6 23. Qh3 Qf6 24. Qf3 Qxd4+ 25. Kh1 Qf6 26. Bh3 Nge5 27. Qg3
Ng6 28. Bg5 Qd4 29. Rd1 Nd2 30. Rexd2 Qc4 31. Bxe6 fxe6 32. Na4 Qc6 33. Nb2 b5
34. Qg2 Rf5 35. Rd4 Raf8 36. R4d2 Nf4 37. Bxf4 1-0

[Event "AUTO-INT-1925"]
[Site "http://www.queenalice.com/game.php?id=955028"]
[Date "2011.6.29"]
[Round "2"]
[White "chess1200"]
[Black "Alffamed"]
[Result "1-0"]
[WhiteElo "1839"]
[BlackElo "1478"]

1. e4 c5 2. Nf3 d6 3. Bc4 Bg4 4. Bxf7+ Kxf7 5. Ng5+ Ke8 6. Qxg4 Nf6 7. Qe6 h6 8.
Nf7 Qd7 9. Qxd7+ Nbxd7 10. Nxh8 Nxe4 11. d3 Nef6 12. Ng6 1-0

[Event "AUTO-INT-1925"]
[Site "http://www.queenalice.com/game.php?id=955029"]
[Date "2011.6.29"]
[Round "2"]
[White "Alffamed"]
[Black "chess1200"]
[Result "0-1"]
[WhiteElo "1476"]
[BlackElo "1841"]

1. b3 d5 2. Bb2 c5 3. e3 Nc6 4. Bb5 Nf6 5. Bxc6+ bxc6 6. h3 e6 7. Nf3 Ba6 8. d3
Bd6 9. c4 O-O 10. O-O Nd7 11. Nbd2 f5 12. Ng5 Qxg5 0-1

[Event "AUTO-OPEN-2263"]
[Site "http://www.queenalice.com/game.php?id=965084"]
[Date "2011.7.26"]
[Round "3"]
[White "chess1200"]
[Black "deltaboy"]
[Result "0-1"]
[WhiteElo "2021"]
[BlackElo "2420"]

1. e4 c5 2. Bc4 Nc6 3. Nf3 e6 4. d4 d5 5. exd5 exd5 6. Bb5 Nf6 7. O-O Be7 8. Ne5
Bd7 9. Nxd7 Qxd7 10. dxc5 Bxc5 11. Re1+ Ne4 12. Re3 Bxe3 13. Bxe3 O-O 14. Nd2
Qe6 15. Nf3 h6 16. c3 Rfd8 17. Nd4 Qg6 18. Bd3 Ne5 19. Bc2 f5 20. h3 Qf6 21. Nf3
Nxf3+ 22. Qxf3 Qg6 23. Rd1 Kh8 24. Bd4 b6 25. Qf4 Rf8 26. f3 Ng5 27. Qg3 Qf7 28.
h4 Ne6 29. Be5 Rad8 30. f4 a6 31. a4 Rd7 0-1

[Event "AUTO-OPEN-2263"]
[Site "http://www.queenalice.com/game.php?id=965085"]
[Date "2011.7.26"]
[Round "3"]
[White "deltaboy"]
[Black "chess1200"]
[Result "1-0"]
[WhiteElo "2419"]
[BlackElo "2023"]

1. d4 Nf6 2. c4 e6 3. a3 a5 4. Nc3 b6 5. e3 Ba6 6. Qf3 Nc6 7. Nb5 Be7 8. Nh3 Na7
9. Qxa8 Bxb5 10. Qxd8+ Kxd8 11. cxb5 d5 12. f3 h6 13. Bd3 Nc8 14. b4 axb4 15. a4
Nd6 16. a5 bxa5 17. Rxa5 Kd7 18. Nf2 Nc4 19. Ra6 Rb8 20. Bc2 Rxb5 21. Ba4 c6 22.
Bxb5 cxb5 23. Ke2 b3 24. Nd1 Bb4 25. Kd3 Ne8 26. Bb2 Nc7 27. Ra7 Kc6 28. Bc3 Ba3
29. Ba5 Nxa5 30. Rxa5 Bb4 31. Ra1 1-0

[Event "AUTO-OPEN-2216"]
[Site "http://www.queenalice.com/game.php?id=965392"]
[Date "2011.7.27"]
[Round "3"]
[White "plonius"]
[Black "chess1200"]
[Result "1-0"]
[WhiteElo "2663"]
[BlackElo "2020"]

1. d4 Nf6 2. c4 e6 3. Nc3 Bb4 4. e3 Ne4 5. Qc2 Bxc3+ 6. bxc3 f5 7. Bd3 O-O 8.
Ba3 Nd6 9. c5 Nf7 10. Ne2 Nc6 11. O-O Nh6 12. e4 Qg5 13. Rae1 f4 14. e5 Nf5 15.
Bc1 Qg4 16. Nxf4 Nce7 17. Re4 Nh4 18. f3 Qg6 19. Nxg6 1-0

[Event "AUTO-OPEN-2216"]
[Site "http://www.queenalice.com/game.php?id=965393"]
[Date "2011.7.27"]
[Round "3"]
[White "chess1200"]
[Black "plonius"]
[Result "0-1"]
[WhiteElo "2013"]
[BlackElo "2662"]

1. e4 c5 2. Nf3 Nc6 3. d4 cxd4 4. Nxd4 e5 5. Nf5 d5 6. Ng3 Nf6 7. Bg5 d4 8. Bc4
h6 9. Bxf6 Qxf6 10. Nd2 Be7 11. a3 O-O 12. Qe2 Bd7 13. O-O Rac8 14. b4 a5 15. b5
Nd8 16. a4 Ne6 17. Nf5 Bb4 18. Nb3 Nf4 19. Qg4 Rxc4 20. Nxh6+ Qxh6 21. Qxd7 Qg6
22. g3 Ne2+ 23. Kh1 Qxe4+ 24. f3 Qxc2 0-1

[Event "AUTO-INT-1939"]
[Site "http://www.queenalice.com/game.php?id=968947"]
[Date "2011.8.5"]
[Round "2"]
[White "chess1200"]
[Black "FreitasPC"]
[Result "0-1"]
[WhiteElo "2029"]
[BlackElo "1964"]

1. e4 c5 2. f4 Nf6 3. Nc3 e6 4. Nf3 Be7 5. Bc4 O-O 6. d3 Nc6 7. O-O d5 8. Bb3 d4
9. Ne2 h6 10. Ne5 Nxe5 11. fxe5 Nd7 12. Bf4 a6 13. Qe1 Bg5 14. Qg3 Bxf4 15. Nxf4
Qg5 16. Qxg5 hxg5 17. Nh5 Nxe5 18. a4 Bd7 19. h3 b5 20. Rfd1 c4 21. dxc4 bxc4
22. Ba2 d3 23. b3 dxc2 24. Rd2 cxb3 25. Bxb3 Rac8 0-1

[Event "AUTO-INT-1939"]
[Site "http://www.queenalice.com/game.php?id=968948"]
[Date "2011.8.5"]
[Round "2"]
[White "FreitasPC"]
[Black "chess1200"]
[Result "1-0"]
[WhiteElo "1944"]
[BlackElo "2049"]

1. d4 Nf6 2. c4 e6 3. Nc3 Bb4 4. Nf3 b6 5. e3 Ba6 6. Bd3 d6 7. O-O O-O 8. Qa4
Bxc3 9. bxc3 Bb7 10. Nd2 Nbd7 11. Rb1 c5 12. f3 Nh5 13. Ne4 Qe7 14. Qc2 f5 15.
Nf2 Qg5 16. Nh3 Qg6 17. e4 Rae8 18. Nf4 Nxf4 19. Bxf4 fxe4 20. Bxe4 Bxe4 21.
fxe4 d5 22. cxd5 exd5 23. Qc1 Qxe4 24. g3 cxd4 25. cxd4 1-0